Alternative konzepte fur die lehrerbildung
Αποθηκεύτηκε σε:
| Άλλοι συγγραφείς: | |
|---|---|
| Μορφή: | Βιβλίο |
| Γλώσσα: | German |
| Δημοσίευση: |
Bad Heilbrumm/Obb. :
Klinkhardt,
2000
|
| Θέματα: | |
| Ετικέτες: |
Προσθήκη ετικέτας
Δεν υπάρχουν, Καταχωρήστε ετικέτα πρώτοι!
|
MARC
| LEADER | 00000nam a2200000 i 4500 | ||
|---|---|---|---|
| 001 | 1/60107 | ||
| 008 | 071023s2000 ger d | ||
| 020 | |a 3-7815-1095-6 | ||
| 035 | |l 10091772 | ||
| 040 | |a GR-MY-UA |b gre |e aacr | ||
| 041 | 0 | |a ger | |
| 082 | 0 | |a 370.711 |2 (22) | |
| 245 | 1 | 0 | |a Alternative konzepte fur die lehrerbildung / |c herausgegeben von Fritz Bohnsack und Stefan Leber |
| 260 | |a Bad Heilbrumm/Obb. : |b Klinkhardt, |c 2000 | ||
| 300 | |a ...τ.; |b πιν.; |c 21 εκ. | ||
| 504 | |a Περιλαμβάνει βιβλιογραφίες | ||
| 505 | 0 | |a Τ.1. Portraits | |
| 650 | 0 | 0 | |a Teaching |x Methods. |
| 650 | 0 | 0 | |a Alternative education. |
| 650 | 0 | 0 | |a Study and teaching. |
| 650 | 0 | 0 | |a Study skills. |
| 650 | 0 | 0 | |a Teachers |x Training of. |
| 700 | 1 | |a Bohnsack, Fritz. |4 edt | |
| 852 | |a INST |b RHODES |e 20071023 |h 370.711 ALT |p 005400025466 |q 005400025466 |t BK |y 0 | ||
| 901 | |a BIBL4-2007-3 | ||
| 909 | |a Ρ |b 139569 | ||
| 922 | |a 4ΕΛΗ |b 200709 |c ΕΠΕΑΕΚ2/ΠΤΔΕ |d ΠΑΠΑΣΩΤΗΡΙΟΥ | ||
| 970 | |a ΧΑΡΙΟΠΟΛΙΤΟΥ |b ΚΩΝΣΤΑΝΤΙΝΑ |z 2007/10/23 | ||